New York Yankee Captains - Statistics

General Stats
  • This quiz has been taken 11 times
  • The average score is 5 of 16
Answer Stats
Tenure Answer % Correct
2003-2014 Derek Jeter
100%
2023-Present Aaron Judge
80%
1922 Babe Ruth
80%
1976-1779 Thurman Munson
80%
1991-1995 Don Mattingly
70%
1935-1939 Lou Gehrig
70%
1986-1988 Willie Randolph
20%
1982-1984 Graig Nettles
10%
1986-1988 Ron Guidry
10%
1908-1909 Willie Keeler
10%
1903-1905 Clark Griffith
0%
1922-1925 Everett Scott
0%
1913 Frank Chance
0%
1910-1912 Hal Chase
0%
1906-1907 Kid Elberfeld
0%
1914-1921 Roger Peckinpaugh
0%
No matching quizzes found
Score Distribution
Percent of People with Each Score
Percentile by Number Answered
Your Score History
You have not taken this quiz